000 00425nam a2200169Ia 4500
008 220216s9999 xx 000 0 und d
100 _aRamage J
245 0 _aDevelopments in the production of Heveacrumb
260 _bPlanters Bulletin
_c1969
300 _a306-312
650 _aHeveacrumb
650 _aHeveacrumb production
700 _aMcKeag H
700 _aMenneer J D
700 _aWhiting D A M
942 _cJS
999 _c57123
_d57123